Biblioteca Práctica de Consulta del Nuevo Milenio Informática (Registro nro. 2044)

Detalles MARC
000 -LEADER
fixed length control field 01107nam a22002057a 4500
003 - CONTROL NUMBER IDENTIFIER
control field OSt
005 - DATE AND TIME OF LATEST TRANSACTION
control field 20260406100737.0
008 - FIXED-LENGTH DATA ELEMENTS--GENERAL INFORMATION
fixed length control field 260406b |||||||| |||| 00| 0 esp d
082 ## - DEWEY DECIMAL CLASSIFICATION NUMBER
Edition number 9586771245
100 ## - MAIN ENTRY--PERSONAL NAME
Personal name Zamora Editores
245 ## - TITLE STATEMENT
Title Biblioteca Práctica de Consulta del Nuevo Milenio Informática
250 ## - EDITION STATEMENT
Edition statement 10 volumen
260 ## - PUBLICATION, DISTRIBUTION, ETC.
Place of publication, distribution, etc. Bogotá, Colombia.
Name of publisher, distributor, etc. Zamora Editores
Date of publication, distribution, etc. 2000 y 2001
300 ## - PHYSICAL DESCRIPTION
Extent 252 páginas.
Other physical details Tapa de cartulina con plastificado brillante
Dimensions 21 x 14 cm.
490 ## - SERIES STATEMENT
Materials specified Tapa de cartulina con plastificado brillante
520 ## - SUMMARY, ETC.
Summary, etc. Fundamentos de Computación: Conceptos de hardware (partes de la PC) y software.<br/>Sistemas Operativos: Introducción a interfaces como Windows y la gestión de archivos.<br/>Ofimática: Guías básicas sobre el uso de procesadores de texto, hojas de cálculo y presentaciones.<br/>Internet y Redes: Explicación de cómo funciona la red, el correo electrónico y la navegación web en sus inicios comerciales.
650 ## - SUBJECT ADDED ENTRY--TOPICAL TERM
Topical term or geographic name entry element informática / Computación.
General subdivision Estudio y enseñanza / Manuales.
Chronological subdivision Siglo XXI
700 ## - ADDED ENTRY--PERSONAL NAME
Personal name Zamora Editores
942 ## - ADDED ENTRY ELEMENTS (KOHA)
Source of classification or shelving scheme Dewey Decimal Classification
Koha item type Acceso Libre
Suppress in OPAC No
Existencias
Withdrawn status Lost status Source of classification or shelving scheme Damaged status Not for loan Collection Home library Current library Shelving location Date acquired Source of acquisition Coded location qualifier Inventory number Total checkouts Full call number Barcode Date last seen Copy number Price effective from Koha item type
    Dewey Decimal Classification     Estantería F Fila 2 Biblioteca Stanford Biblioteca Stanford Biblioteca Abierta 06.04.2026 LECTURA 0468 0468   LECTURA BIBLIO0468 06.04.2026 1 06.04.2026 Acceso Libre
Bienvenido a nuestra Biblioteca